Normal view
MARC view
- Sejnowski T.J
Entry Personal Name
001 - CONTROL NUMBER
- control field: 201753
003 - CONTROL NUMBER IDENTIFIER
- control field: OSt
005 - DATE AND TIME OF LATEST TRANSACTION
- control field: 20230714220628.0
008 - FIXED-LENGTH DATA ELEMENTS
- fixed length control field: 230714|| aca||aabn | a|a d
040 ## - CATALOGING SOURCE
- Original cataloging agency: OSt
- Transcribing agency: OSt
100 ## - HEADING--PERSONAL NAME
- Personal name: Sejnowski T.J
670 ## - SOURCE DATA FOUND
- Source citation: Work cat.: (OSt)226108: Sejnowski T.J., Deep Learning Revolution, 2018